LEADER 01164nam a2200277 4500 001 000000352611 003 CaOOAMICUS 005 20230109122400.0 008 230109s2000 xxka 000 u eng r 020 $a978-0-19-285390-5 040 $aSeMil$bita 100 1 $aSolomon, Norman.$0(OLS)http://semarc/name/116948 245 10$aJudaism :$ba very short introduction /$cNorman Solomon. 264 1$aOxford :$bOxford University Press,$c2000. 300 $a150 p. :$bill. ;$c18 cm 490 1 $aVery short introductions ;$v11 650 4$aGiudaismo - Storia.$0(OLS)http://semarc/subject/1034 650 4$aIslamismo - Storia.$0(OLS)http://semarc/subject/1035 830 0$aVery short introductions ;$v11.$0(OLS)http://semarc/title/432189 850 $aSeMil 852 $aSeMil$W1$xVenegono$y1$m2BA J 11$j236216$B243835$CSeMilBibl$Z2$F243835 $81 961 $aBuzzi don Franco - omaggio 996 $6020$a978-0-19-285390-5$9(OLS)http://semarc/number/297393 996 $6245$aJudaism :$ba very short introduction$9(OLS)http://semarc/title/442496 996 $6264$aOxford :$bOxford University Press$9(OLS)http://semarc/publisher/35475 LEADER 01388nam a2200301 i 4500 001 000000114344 003 CaOOAMICUS 005 20030415000000.0 008 030415s2003 be u000 u lat u 013 $a87030 020 $a2-503-51408-1 040 $aSeMil$bita 100 1 $aAngela : da Foligno,$c.$0(OLS)http://semarc/name/43362 245 10$aThesaurus Angelae de Fulginio /$ccurantibus Claire Pluygers, Paul Tombeur et CTLO. 260 $aTurnhout :$bBrepols,$c2003. 300 $aXVII, 179 p. ;$c33 cm + 6 microfiches. 490 0 $aCorpus Christianorum. Thesaurus Patrum Latinorum 600 04$aAngela : da Foligno .$0(OLS)http://semarc/subject/7582 700 1 $aTombeur, Paul <1936- >.$0(OLS)http://semarc/name/3503 700 1 $aPluygers, Claire.$0(OLS)http://semarc/name/44258 710 2 $aCentre traditio litterarum Occidentalium.$0(OLS)http://semarc/name/59 830 0$aCorpus Christianorum. Thesaurus Patrum Latinorum.$0(OLS)http://semarc/title/136 850 $aSeMil 852 $aSeMil$W1$xVenegono$y1$mSL2.H III 21$j69923$B69923$CSeMilBibl$Z2$F75030 $8I 961 $aSottoscrizione: Brepols 996 $6020$a2-503-51408-1$9(OLS)http://semarc/number/97609 996 $6245$aThesaurus Angelae de Fulginio$9(OLS)http://semarc/title/167104 996 $6260$aTurnhout :$bBrepols$9(OLS)http://semarc/publisher/29626